00446nam a2200145Ia 4500020001500000082002100015100002000036245003500056260003700091300000800128504002600136650004300162650004400205650005100249 a813160120X aRR 923.254 PAN-U aPandey, Upasana 0aUttar-adhuniktavaad aur Gandhi aJaipurbRawat Publicationsc2007 a287 aIncludes bibliography aGandhi, Mohandas karamchandvBiography aGandhi, Mohandas karamchandvPhilosophy aGandhi, Mohandas KaramchandvViewes on Ahimsha